| 000 | 00640nam a2200205Ia 4500 | ||
|---|---|---|---|
| 003 | GCL | ||
| 008 | 140319s9999 xx 000 0 ara d | ||
| 040 |
_aGCL / _cGCL |
||
| 082 | 0 | 4 |
_a245 _bا م |
| 100 | 1 | _aالايجى , عضدالدين | |
| 245 | 1 | 0 |
_aالمواقف فى علم الكلام / _cالايجى , عضدالدين |
| 260 |
_a[S.N] : _bمكتبة المتنبى |
||
| 300 | _a430 | ||
| 490 |
_aسلسلة مطبوعات فى علم الكلام _v0 |
||
| 650 | 0 | 4 | _aالفلسفة الاسلامية |
| 650 | 0 | 4 | _aالاسلام |
| 650 | 0 | 4 | _aعلم الكتابة |
| 650 | 0 | 4 | _aعلم الكلام |
| 942 |
_2ddc _cBK |
||
| 999 |
_c31452 _d31452 |
||